| 000 | 00607nam a2200241Ia 4500 | ||
|---|---|---|---|
| 003 | OSt | ||
| 005 | 20221005050450.0 | ||
| 006 | a|||||r|||| 00| 0 | ||
| 007 | ta | ||
| 008 | 221004b |||||||| |||| 00| 0 san d | ||
| 024 | _a73727 | ||
| 037 | _cTextual | ||
| 040 |
_aCRL _cCRL _bsan |
||
| 041 |
_2san _asan |
||
| 082 | _aP15, 15G6 | ||
| 100 |
_aRai P Ganpat _970606 |
||
| 245 | 0 | _aManual of Sanskrit grammer | |
| 260 |
_aLahore _bBharat House _c1936 |
||
| 300 |
_a289p. _ccm. |
||
| 650 | _aLINGUISTICS | ||
| 942 |
_hP15, 15G6 _cTEXL _2cc |
||
| 999 |
_c957102 _d957102 |
||